Normal view
MARC view
Entry Personal Name
001 - CONTROL NUMBER
- control field: 246025
003 - CONTROL NUMBER IDENTIFIER
- control field: OSt
005 - DATE AND TIME OF LATEST TRANSACTION
- control field: 20251117164551.0
008 - FIXED-LENGTH DATA ELEMENTS
- fixed length control field: 251117|| aca||aabn | a|a d
040 ## - CATALOGING SOURCE
- Original cataloging agency: OSt
- Transcribing agency: OSt
100 ## - HEADING--PERSONAL NAME
- Personal name: PILLAI (Takali Shivashankara)
670 ## - SOURCE DATA FOUND
- Source citation: Work cat.: (OSt)139263: PILLAI (Takali Shivashankara), Hagga Bhaga I , 2007